[Event "Dubna-ch"]
[Site "Dubna"]
[Date "2009.02.23"]
[Round "10"]
[White "Kuts, Vladimir"]
[Black "Doronine, Vladimir"]
[Result "1/2-1/2"]
[WhiteElo "1937"]
[BlackElo "1947"]
[PlyCount "40"]
[EventDate "2009.02.16"]
[EventType "tourn"]
[EventRounds "11"]
[EventCountry "RUS"]
[SourceTitle "EXT 2012"]
[Source "ChessBase"]
[SourceDate "2011.11.24"]
[SourceVersion "1"]
[SourceVersionDate "2011.11.24"]
[SourceQuality "1"]

1. e4 Nc6 2. d4 d5 3. e5 g6 4. Be2 Bg7 5. Nf3 Nh6 6. Nc3 Bg4 7. 0-0 0-0 8. h3 Bxf3 9. Bxf3 e6 10. Bf4 Nf5 11. Ne2 Qe7 12. c3 f6 13. exf6 Bxf6 14. g3 Rad8 15. h4 Qd7 16. Re1 e5 17. dxe5 Nxe5 18. Nc1 Nxf3+ 19. Qxf3 Qf7 20. Nd3 c6 1/2-1/2

[Event "Dubna-ch"]
[Site "Dubna"]
[Date "2009.02.22"]
[Round "9"]
[White "Kuts, Vladimir"]
[Black "Popov, Alexander"]
[Result "1/2-1/2"]
[WhiteElo "1937"]
[BlackElo "2181"]
[PlyCount "85"]
[EventDate "2009.02.16"]
[EventType "tourn"]
[EventRounds "11"]
[EventCountry "RUS"]
[SourceTitle "EXT 2012"]
[Source "ChessBase"]
[SourceDate "2011.11.24"]
[SourceVersion "1"]
[SourceVersionDate "2011.11.24"]
[SourceQuality "1"]

1. d4 d5 2. Nf3 f5 3. Ne5 Nd7 4. f4 Ngf6 5. e3 e6 6. Be2 Nxe5 7. dxe5 Ne4 8. 0-0 Bc5 9. Bf3 Qe7 10. Qe2 Bd7 11. c3 a6 12. Bxe4 dxe4 13. b4 Ba7 14. a3 Ba4 15. c4 Rd8 16. Nc3 Bd7 17. Qh5+ Qf7 18. Qxf7+ Kxf7 19. Ra2 Bc8 20. c5 Rd3 21. Nd1 Rhd8 22. Nb2 R3d5 23. Nc4 Bd7 24. a4 Rd3 25. Bd2 Bc6 26. Be1 Bd5 27. Rc2 Bxc4 28. Rxc4 Rxe3 29. b5 axb5 30. axb5 Rb3 31. Bb4 e3 32. Ra1 e2 33. Be1 Rd1 34. Rxa7 Rxe1+ 35. Kf2 Rh1 36. Kxe2 Rb2+ 37. Kd3 Rxb5 38. c6 Rhb1 39. cxb7 Rxb7 40. Rxc7+ Rxc7 41. Rxc7+ Kf8 42. g3 Rd1+ 43. Ke3 1/2-1/2

[Event "Dubna op"]
[Site "Dubna"]
[Date "2007.08.04"]
[Round "1"]
[White "Kuts, Vladimir"]
[Black "Denisov, Sergei"]
[Result "0-1"]
[WhiteElo "1959"]
[BlackElo "2210"]
[PlyCount "66"]
[EventDate "2007.08.02"]
[EventType "swiss"]
[EventRounds "14"]
[EventCountry "RUS"]
[SourceTitle "EXT 2008"]
[Source "ChessBase"]
[SourceDate "2007.11.25"]
[SourceVersion "1"]
[SourceVersionDate "2007.11.25"]
[SourceQuality "1"]

1. d4 d5 2. Nc3 Nf6 3. Nf3 h6 4. g3 Bf5 5. Bg2 e6 6. 0-0 Be7 7. a3 0-0 8. Re1 Bh7 9. Ne5 Nbd7 10. Bf4 a6 11. e4 dxe4 12. Nxe4 Nxe4 13. Bxe4 Bxe4 14. Rxe4 Nf6 15. Re2 Rc8 16. Rc1 Nd5 17. Bd2 Nb6 18. c3 c5 19. dxc5 Bxc5 20. Ng4 Qd3 21. Be3 Qf5 22. Bxc5 Qxc5 23. Re5 Qc7 24. Re2 Rfd8 25. Rd2 Nc4 26. Rxd8+ Rxd8 27. Qf3 Nd2 28. Qe2 h5 29. Ne3 Qc6 30. Qxh5 Rd3 31. Rd1 Qe4 32. h4 g6 33. Ra1 gxh5 0-1